Perception of Europe in political and economic elites: a geographical compared analysis of Germany, Spain and Poland /
Wedi'i Gadw mewn:
| Prif Awdur: | |
|---|---|
| Awduron Eraill: | |
| Fformat: | Texto |
| Tagiau: |
Ychwanegu Tag
Dim Tagiau, Byddwch y cyntaf i dagio'r cofnod hwn!
|
MARC
| LEADER | 00000 a a2200000 04500 | ||
|---|---|---|---|
| 001 | 44855 | ||
| 003 | |||
| 040 | |||
| 100 | |a Jerez-Mir, Miguel | ||
| 245 | |a Perception of Europe in political and economic elites: |b a geographical compared analysis of Germany, Spain and Poland / |c Miguel Jerez-Mir, Rafael Vázquez | ||
| 700 | |a Vázquez, Rafael | ||
| 773 | |g número282 (2009), 40 páginas : tablas, gráficos | ||
| 999 | |c 20762 |d 20762 | ||
